| 000 | 04219aam a2200493 i 4500 | ||
|---|---|---|---|
| 001 | 60506 | ||
| 003 | CO-BoRNBP | ||
| 005 | 20260217165807.0 | ||
| 007 | ta | ||
| 008 | 210721s2019 ck abdogr 001 0 spa d | ||
| 020 | _a9789585418868 | ||
| 020 | _a958541886X | ||
| 040 |
_aCO-BoUNC _bspa _erda _cCO-BoUNC |
||
| 041 | 0 | _aspa | |
| 043 | _as-ck--- | ||
| 082 | 0 | 4 |
_a799.1109861 _bL347p _223 |
| 100 | 1 |
_aLasso, Carlos Andrés _eautor |
|
| 245 | 1 | 3 |
_aLa pesca deportiva continental en Colombia : _bguia de las especies de agua dulce / _cCarlos A. Lasso, Carlos R. Heinsohn, Steven Jensen, Mónica Morales Betancourt ; editor Carlos A. Lasso ; ilustraciones Carlos R. Heinsohn ; presentación por Hernando García, Nicolás del Castillo piedrahíta, Carlos R. Heinsohn, Steven Jenseni |
| 250 | _aPrimera edición | ||
| 264 | 1 |
_aBogotá : _bInstituto de Investigación de Recursos Biológicos Alexander Von Humboldt, _aTame, Arauca : _bFundación Orinoquia., _c2019. |
|
| 300 |
_a298 páginas : _bilustraciones a color, diagramas, fotografías, láminas, mapas ; _c25 cm. |
||
| 336 |
_atexto _btxt _2rdacontent |
||
| 337 |
_asin mediación _bn _2rdamedia |
||
| 338 |
_avolumen _bnc _2rdacarrier |
||
| 490 | 1 |
_aSerie recursos hidrobiológicos y pesqueros continentales de Colombia _vv 18 |
|
| 500 | _aIncluye datos de contacto y afiliaciones de los autores (página 15) | ||
| 504 | _aIncluye referencias bibliográficas (páginas 275-295) índice de nombres comunes y de nombres científicos | ||
| 505 | 0 | _a1. La pesca deportiva en Colombia ; 2. Marco normativo ; 3. Métodos y equipos de pesca deportiva ; 4. Zonas de pesca: descripción general ; 5. Especies de interés para la pesca deportiva ; 6. Catálogo de especies | |
| 520 | 1 | _aDesde el 2019 el Instituto Humboldt ha venido trabajando en una agenda nacional centrada en los Recursos Hidrobiológicos y Pesqueros Continentales de Colombia. Dada la importancia de este componente de la biodiversidad para las comunidades humanas de esta Colombia Anfibia, los peces y su aprovechamiento han tenido una atención particular, con un liderazgo en estudios orientados a su conservación y aprovechamiento sostenible. Esta agenda nace en el 2010 con la elaboración del Catálogo Pesquero Continental de Colombia -probablemente el único en su estilo en América del Sur-; continuó con el análisis de las Pesquerías Continentales en 2011, y en el 2013 se publicó el estudio de la pesca ornamental. En los últimos dos años, bajo el liderazgo de la línea de Recursos Hidrobiológicos y Pesqueros del Instituto, se dio inicio a un proyecto centrado en la pesca deportiva en Colombia. Este tipo de pesca también denominada por algunos autores como pesca recreativa o \201CSport Fishing\201D, tiene una gran importancia como actividad lúdica y oportunidad de negocio para comunidades locales, pero requiere un conocimiento disponible para asegurar su sostenibilidad. La pesca deportiva se realiza prácticamente en toda Colombia, tanto en el mar como en las aguas dulces, incluyendo numerosos ecosistemas \201Cartificiales o antropizados\201D, donde habitan incluso especies exóticas y trasplantadas. Las cuencas más ricas para la pesca deportiva o recreativa en Colombia son el Amazonas, el Orinoco y luego la cuenca del Magdalena-Cauca -- | |
| 546 | _aTextos en español con resúmenes en español e inglés | ||
| 650 | 1 | 7 |
_aPesca deportiva _zColombia _2BNE _968880 |
| 650 | 1 | 7 |
_aPesca deportiva _xNormas _zColombia _2BNE _968881 |
| 650 | 1 | 7 |
_aPesca de agua dulce _zColombia _2BNE _968882 |
| 650 | 1 | 7 |
_apesca _xEquipos y accesorios _zColombia _2LEMB _968883 |
| 650 | 1 | 7 |
_aPeces de agua dulce _zColombia _2LEMB _968884 |
| 650 | 1 | 7 |
_aPesca deportiva ; _vCatálogo _2LEMB _968892 |
| 700 | 1 |
_aHeinsohn Mallarino, Carlos Roberto _eautor _eilustrador _eautor de presentación _968886 |
|
| 700 | 1 |
_aJensen, Steven _eautor _eautor de presentación _968887 |
|
| 700 | 1 |
_aMorales Betancourt, Mónica Andrea _eautor |
|
| 700 | 1 |
_aGarcía, Hernando _eautor de presentación _968893 |
|
| 700 | 1 |
_aCastillo Piedrahita, Nicolás del _eautor de presentación _968894 |
|
| 830 | 0 |
_aSerie recursos hidrobiológicos y pesqueros continentales de Colombia _vv 18 _968895 |
|
| 942 |
_2ddc _cBK |
||
| 999 |
_c60506 _d60506 |
||